Państwa leżące najbliżej Hiszpanii - Statystyki

Ogólne statystyki
  • Ten quiz został rozwiązany 10 329 razy
    7 316 od ostatniego zresetowania
  • Średni wynik to 16 z 20
Statystyki odpowiedzi
km Państwo % Poprawnych
0 Francja
99%
0 Portugalia
99%
334 Włochy
96%
0 Andora
95%
0 Maroko
93%
0 Wielka Brytania
91%
671 Niemcy
90%
468 Szwajcaria
88%
805 Belgia
87%
68 Algieria
85%
724 Austria
81%
811 Luksemburg
80%
374 Monako
80%
498 Tunezja
78%
716 Liechtenstein
77%
719 Watykan
75%
802 San Marino
74%
860 Irlandia
70%
816 Mali
52%
314 Mauretania
52%
Nie znaleziono quizów pasujących do podanych kryteriów
Rozkład punktacji
Procent ludzi z każdym wynikiem
Percentyl według liczby udzielonych odpowiedzi
Twoja historia wyników
Nie rozwiązałeś tego quizu od ostatniego zresetowania